000 00656nam a2200229 i 4500
001 68291
003 ES-MaACL
005 20230906170239.0
007 t|
008 040616s2003 sp ||||0| spa d
020 _a84-96077-18-7
040 _aM-BN
_bspa
_cM-BN
080 _a821.134.2-14"19"
100 1 _aSáenz de Zaitegui Rivas, Julián.
_9206049
245 1 3 _aLa trastienda del ser II
_b: 101 poemas (2002-2003) /
_cJulián Sènz de Zaitegui Rivas.
250 _a1ª ed.
260 _aMadrid :
_bLetra Clara,
_c2003.
300 _a134 p ;
_c21 cm.
500 _a"Solingraf"
852 _aES-MaACL
_jL-27979
_bR.133166
999 _c68291
_d68291